Guía para divulgación escolar / patrocinada por la Excma. Diputación Provincial de Barcelona
Publicado:
Barcelona :
Servicio de Cooperación a la Lucha Antirrábica : Liga para la Protección de Animales y Plantas ,
1963
Descripción Física:
15 p. : il. col. ; 13 cm
MARC
| LEADER | 00000nam a2200000Ia 4500 | ||
|---|---|---|---|
| 001 | 17955 | ||
| 008 | 160829s1963 xx 000 0 cat d | ||
| 080 | |a FU-49-18 | ||
| 245 | |a Guía para divulgación escolar / patrocinada por la Excma. Diputación Provincial de Barcelona | ||
| 260 | |a Barcelona : |b Servicio de Cooperación a la Lucha Antirrábica : |b Liga para la Protección de Animales y Plantas, |c 1963 | ||
| 300 | |a 15 p. : |b il. col. ; |c 13 cm | ||
| 590 | |a A l'interior: Película educativa dedicada a todos los niños | ||
| 650 | |a Gossos |x Ensenyament preescolar |x Manuals, guies, etc. |9 22065 | ||
| 650 | 0 | |a Ràbia |9 22066 | |
| 710 | 1 | |a Barcelona (Catalunya : Província). |b Diputació |9 52408 | |
| 901 | |a Arxiu | ||
| 942 | |n 1 | ||
| 952 | |0 0 |1 0 |4 0 |6 FU4918 |7 1 |9 42038 |a Arxiu |b Arxiu |d 2016-12-01 |l 0 |o FU-49-18 |p 17955 |r 2016-12-01 00:00:00 |w 2016-12-01 |y ARXIU | ||
| 999 | |c 44485 |d 44485 | ||